000 00731nam a2200277Ia 4500
003 OSt
005 20221007111050.0
006 a|||||r|||| 00| 0
007 ta
008 221006b |||||||| |||| 00| 0 eng d
024 _a22,491
037 _cTextual
040 _aLCO
_cLCO
_beng
041 _2eng
_aeng
082 _aX724:(Z), L8
100 _aChopra Om Prakash
245 0 _aIncome Tax
_b Law and Practice.V1
250 _a2nd
260 _aAllahabad
_bOrient Law House India
_c1978
300 _a1056
490 _vVol.- 11
650 _aINCOME TAX
700 _a Chopra Shanti
942 _hX724:(Z), L8
_cTEXL
999 _c1192054
_d1192054